000 01188nam a2200325 i 4500
003 EG-GICUC
005 20260126165544.0
008 260107s ua ||||fr|||| 00| 0 ara d
017 _a2010/8582
020 _a97897704641704
040 _a EG-GICUC
_bara
_c EG-GICUC
_d EG-GICUC
_erda
041 _aara
082 0 4 _221
_a343.393
_bل ب . ا
092 0 4 _221
099 _aLaw1 10 343.393 ل ب . ا2010
100 0 _aلبنى عبدالعزيز الموسى
_eمؤلف.
245 1 0 _aاعتراف المتهم كدليل في الإثبات الجنائى :
_b"دراسة قانونية مقارنة" /
_cإعداد لبنى عبدالعزيز الموسى.
264 1 _aالقاهرة :
_bدار النهضة العربية،
_c2010.
300 _a155 صفحة ;
_c24 سم.
336 _2rda content
_atext
337 _2rda media
_aComputer
338 _2rda carrier
_aOnline Resource
504 _aيشتمل على ارجاعات ببليوجرافية.
650 1 _aالقانون الجنائى
650 1 _aالإعتراف
651 1 _2qrmak
856 4 0 _uhttps://fll.law.cu.edu.eg/fulltext/bks/B10-05945.pdf
905 _a43
_eYara
942 _2ddc
_n0
_cBK
_e21
999 _c55361
_d55361